| 000 | 01036nam a22002297a 4500 | ||
|---|---|---|---|
| 999 |
_c59774 _d59774 |
||
| 003 | Ge_BSU | ||
| 005 | 20230412123158.0 | ||
| 008 | 230412s1982 ge ||||| |||| 00| 0 geo d | ||
| 041 | _ageo | ||
| 080 | _a1(09)+1(38)(092) ჭ-34 | ||
| 100 |
_aჭელიძე, მერი _93675 |
||
| 245 |
_aფილოსოფიის ისტორიის მეცნიერების სათავეებთან : _b(პლატონი, არისტოტელე) / _cმერი ჭელიძე; რედ. აკ. ურუშაძე. |
||
| 264 |
_aთბილისი: _bთბილ. უნ-ტის გამ-ბა, _c1982. |
||
| 300 |
_a150 გვ. ; _b20 სმ. |
||
| 504 | _aბიბლიოგრ. 146-149 | ||
| 520 | _a რეზ. რუს. და გერმ. | ||
| 653 | _aპლატონი | ||
| 653 | _aარისტოტელე | ||
| 653 | _aფილოსოფია | ||
| 700 |
_aურუშაძე, აკ. _eრედაქტორი _916070 |
||
| 942 |
_2udc _cBK |
||